|
|
|
|
| LEADER |
01257nam a2200277 u 4500 |
| 001 |
10026947 |
| 003 |
upatras |
| 005 |
20210117205954.0 |
| 008 |
960223s1980 ne eng |
| 020 |
|
|
|a 0444418857
|
| 040 |
|
|
|a GR-PaULI
|c GR-PaULI
|
| 041 |
0 |
|
|a eng
|
| 082 |
0 |
4 |
|a 551.51
|
| 245 |
1 |
0 |
|a Atmospheric planetary boundary layer physics
|b proceedings of the 4th Course of the International School of Atmospheric Physics, "Ettore Majorana" Centre for Scientific Culture, held in Erice (Italy), 13-27 February 1978
|c edited by A. Longhetto
|
| 260 |
|
|
|a Amsterdam
|b Elsevier Scientific Publishing Company
|c 1980
|
| 300 |
|
|
|a xv, 424 p.
|b fig., tab.
|c 25 cm.
|
| 490 |
0 |
|
|a Developments in atmospheric science
|v 11
|
| 504 |
|
|
|a Includes references and index
|
| 650 |
|
4 |
|a Ατμοσφαιρική φυσική
|9 4184
|
| 700 |
1 |
|
|a Longhetto, A.
|4 edt
|9 152724
|
| 760 |
0 |
|
|a Developments in atmospheric science
|g 11
|
| 852 |
|
|
|a GR-PaULI
|b ΠΑΤΡΑ
|b ΦΥΣΙΚΟ
|k ΑΕΧ-1
|h 551.51 LON
|m 03006
|p 025000022265
|t 1
|
| 942 |
|
|
|2 ddc
|c BK15
|
| 952 |
|
|
|0 0
|1 0
|4 0
|6 551_510000000000000_LON
|7 0
|9 197331
|a PHYS
|b PHYS
|d 2016-04-24
|i 03006
|l 0
|o 551.51 LON
|p 025000022265
|r 2016-04-24 00:00:00
|t 1
|w 2016-04-24
|y BK15
|
| 998 |
|
|
|c ΔΡΑΚΟΠΟΥΛΟΥ
|d 2001-07
|
| 999 |
|
|
|c 121140
|d 121140
|